000 01374nam a22002537a 4500
999 _c60079
_d60079
003 Ge_BSU
005 20230606115919.0
008 230605s2018 dk ||||| |||| 00| 0 ger d
020 _a9788301203122
041 _ager
080 _a821.353.1.093(ორბელიანი, ს.-ს.) + 37(479.22)(09)"16/17" P-84
100 _aPopiashvili, Nino
_918481
245 _aDie georgische Aufklärung :
_bSulchan-Saba Orbeliani /
_cNino Popiashvili ; Unter Konsultationen und Redaktion von Professor Gaga Lomidze (Georgien) und Gert Robert Grünert (Deutschland); cover painting by Apolon Kutateladze; Ivane Javakhishvili Tbilisi State University.
264 _a[Warszawa] :
_bPWN,
_c[2018].
300 _a125 p. ;
_b21 cm.
653 _aOrbeliani, Sulxan-Saba, 1658-1725.
653 _aორბელიანი, სულხან-საბა, 1658-1725.
653 _aგანმანათლებლობა -- XVII-XVIII ს.ს. -- საქართველო -- ისტორია.
700 _aპოპიაშვილი, ნინო
_eავტორი
_918482
700 _aლომიძე, გაგა
_eრედაქტორი
_918483
700 _aქუთათელაძე, აპოლონ
_eილუსტრატორი
_918484
710 _aIvane Javakhishvili Tbilisi State University.
_918485
942 _2udc
_cBK